Propuestas de proyectos
Esta propuesta es el resultado de un proceso de discusión entre representantes de distintas universidades Latinoamericanas que inició durante el Curso University Staff Development Programme Witzenhausen (INISTAFF) realizada en la Universidad de Kassel, Alemania en el verano de 1996. El objetivo gene...
Uloženo v:
| Korporativní autor: | |
|---|---|
| Médium: | Text |
| Vydáno: |
San José:
CSUCA. Consejo Superior Universitario Centroamericano
|
| Témata: | |
| Tagy: |
Přidat tag
Žádné tagy, Buďte první, kdo vytvoří štítek k tomuto záznamu!
|
MARC
| LEADER | 00000 a a2200000 04500 | ||
|---|---|---|---|
| 001 | 38952 | ||
| 003 | |||
| 040 | |||
| 090 | |a 0005 C755p | ||
| 110 | |a CSUCA. Secretaría Permanente | ||
| 245 | |a Propuestas de proyectos | ||
| 260 | |a San José: |b CSUCA. Consejo Superior Universitario Centroamericano | ||
| 300 | |a p. irreg | ||
| 520 | |a Esta propuesta es el resultado de un proceso de discusión entre representantes de distintas universidades Latinoamericanas que inició durante el Curso University Staff Development Programme Witzenhausen (INISTAFF) realizada en la Universidad de Kassel, Alemania en el verano de 1996. El objetivo general era promover el desarrollo de la calidad de la educación en la Educación Universitaria de la Región | ||
| 650 | |a EDUCACION UNIVERSITARIA | ||
| 650 | |a CALIDAD DE LA EDUCACION | ||
| 650 | |a NECESIDADES DE LA EDUCACION | ||
| 650 | |a ENSEÑANZA SUPERIOR | ||
| 650 | |a AMERICA LATINA | ||
| 999 | |c 10974 |d 10974 | ||
